Les 10 artistes les plus écoutés - 2025 - Statistiques

Statistiques générales
  • Ce quiz a été pris 154 fois
  • Le résultat moyen est 4 sur 10
Statistiques - réponses
Classement Artiste % Correct
2 Taylor Swift
77%
1 Bad Bunny
57%
4 Drake
56%
3 The Weeknd
42%
7 Bruno Mars
36%
8 Ariana Grande
33%
5 Billie Eilish
30%
6 Kendrick Lamar
30%
9 Arijit Singh
2%
10 Fuerza Regida
1%
Aucun quiz correspondant
Distribution des résultats
% des personnes avec chaque résultat
Percentile par nombre de réponses
Votre historique - résultats
Vous n’avez pas pris ce quiz